MARC details
| 000 -LEADER |
| fixed length control field |
02163nam a22003497a 4500 |
| 001 - CONTROL NUMBER |
| control field |
100910 |
| 003 - CONTROL NUMBER IDENTIFIER |
| control field |
KnowledgeUnlatched |
| 005 - DATE AND TIME OF LATEST TRANSACTION |
| control field |
20210303105215.0 |
| 006 - FIXED-LENGTH DATA ELEMENTS--ADDITIONAL MATERIAL CHARACTERISTICS |
| fixed length control field |
m o d |
| 007 - PHYSICAL DESCRIPTION FIXED FIELD--GENERAL INFORMATION |
| fixed length control field |
cr u|||||||||| |
| 008 - FIXED-LENGTH DATA ELEMENTS--GENERAL INFORMATION |
| fixed length control field |
210129p20182019xxk o u00| u eng d |
| 037 ## - SOURCE OF ACQUISITION |
| Institution to which field applies |
BiblioBoard |
| 020 ## - INTERNATIONAL STANDARD BOOK NUMBER |
| International Standard Book Number |
9781784993061 |
| 029 1# - OTHER SYSTEM CONTROL NUMBER (OCLC) |
| OCLC library identifier |
https://library.biblioboard.com/ext/api/media/5bf393fc-91f8-4628-b1e8-c5905030d6de/assets/thumbnail.jpg |
| 040 ## - CATALOGING SOURCE |
| Original cataloging agency |
ScCtBLL |
| Transcribing agency |
ScCtBLL |
| 100 1# - MAIN ENTRY--PERSONAL NAME |
| Personal name |
DiPlacidi, Jenny |
| Relator term |
author. |
| 245 00 - TITLE STATEMENT |
| Title |
Gothic incest |
| Remainder of title |
Gender, sexuality and transgression / |
| Statement of responsibility, etc. |
Jenny DiPlacidi. |
| 264 #1 - PRODUCTION, PUBLICATION, DISTRIBUTION, MANUFACTURE, AND COPYRIGHT NOTICE |
| Name of producer, publisher, distributor, manufacturer |
Manchester University Press, |
| 300 ## - PHYSICAL DESCRIPTION |
| Extent |
1 online resource (315 p.) |
| 506 0# - RESTRICTIONS ON ACCESS NOTE |
| Terms governing access |
Access copy available to the general public. |
| Standardized terminology for access restriction |
Unrestricted |
| Source of term |
star |
| 520 ## - SUMMARY, ETC. |
| Summary, etc. |
The first full-length study of incest in the Gothic genre, this book argues that Gothic writers resisted the power structures of their society through incestuous desires. It provides interdisciplinary readings of incest within father-daughter, sibling, mother-son, cousin and uncle-niece relationships in texts by authors including Emily Brontë, Eliza Parsons, Ann Radcliffe and Eleanor Sleath. The analyses, underpinned by historical, literary and cultural contexts, reveal that the incest thematic allowed writers to explore a range of related sexual, social and legal concerns. Through representations of incest, Gothic writers modelled alternative agencies, sexualities and family structures that remain relevant today. |
| 588 0# - SOURCE OF DESCRIPTION NOTE |
| Source of description note |
Description based on print version record. |
| 590 ## - LOCAL NOTE (RLIN) |
| Local note |
KU Select 2017: Front list Collection |
| 650 #7 - SUBJECT ADDED ENTRY--TOPICAL TERM |
| Topical term or geographic name entry element |
Literary Criticism / European |
| Source of heading or term |
bisacsh |
| 650 #0 - SUBJECT ADDED ENTRY--TOPICAL TERM |
| Topical term or geographic name entry element |
Literature |
| General subdivision |
History and criticism |
| 655 #0 - INDEX TERM--GENRE/FORM |
| Genre/form data or focus term |
Electronic books. |
| 758 ## - |
| -- |
Is found in: |
| -- |
Knowledge Unlatched |
| -- |
https://openresearchlibrary.org/module/2774bc74-146a-484f-a7ba-ab1d6a09bbfb |
| 856 40 - ELECTRONIC LOCATION AND ACCESS |
| Uniform Resource Identifier |
<a href="https://openresearchlibrary.org/content/5bf393fc-91f8-4628-b1e8-c5905030d6de">https://openresearchlibrary.org/content/5bf393fc-91f8-4628-b1e8-c5905030d6de</a> |
| Public note |
View this content on Open Research Library. |
| -- |
0 |